Statistics for Former Flags of Oceania-Australian Countries/Territories (Union Jack)

Click here to take the quiz!

General Stats

  • This quiz has been taken 12 times
  • The average score is 12 of 18

Answer Stats

Answer% Correct
Australia
92%
British Gilbert and Ellice Islands (Kiribati)
92%
New Zealand
92%
British New Guinea
83%
Colony of Fiji
83%
Colony of Tasmania
83%
Territory of Papua
83%
British New Hebrides
67%
British Solomon Islands
67%
Colony of Tuvalu
67%
Colony of Western Australia
67%
Colony of New South Wales
58%
Colony of Victoria
58%
Western Samoa
58%
Colony of Queensland
50%
Colony of South Australia
50%
Cook Islands Federation
42%
Kingdom of Rarotonga
33%

Score Distribution

Percentile by Number Answered

Percent of People with Each Score

Your Score History

You have not taken this quiz